MACROECONOMICS (Record no. 134635)

MARC details
000 -LEADER
fixed length control field 00535nam a22002057a 4500
003 - CONTROL NUMBER IDENTIFIER
control field OSt
005 - DATE AND TIME OF LATEST TRANSACTION
control field 20220903062534.0
008 - FIXED-LENGTH DATA ELEMENTS--GENERAL INFORMATION
fixed length control field 220903b |||||||| |||| 00| 0 eng d
020 ## - INTERNATIONAL STANDARD BOOK NUMBER
International Standard Book Number 978-1-108-73199-7
040 ## - CATALOGING SOURCE
Transcribing agency SBCL
082 ## - DEWEY DECIMAL CLASSIFICATION NUMBER
Classification number 339
Item number THO-M
100 ## - MAIN ENTRY--PERSONAL NAME
Personal name THOMAS,ALEX M.
245 ## - TITLE STATEMENT
Title MACROECONOMICS
Remainder of title AN INTRODUCTION
260 ## - PUBLICATION, DISTRIBUTION, ETC.
Place of publication, distribution, etc. CAMBRIDGE
Name of publisher, distributor, etc. UNIVERSITY PRINTING HOUSE
Date of publication, distribution, etc. 2022
300 ## - PHYSICAL DESCRIPTION
Extent 234p.
500 ## - GENERAL NOTE
General note PD ACCOUNT
630 ## - SUBJECT ADDED ENTRY--UNIFORM TITLE
General subdivision GENERAL STACK
650 ## - SUBJECT ADDED ENTRY--TOPICAL TERM
Topical term or geographic name entry element ECONOMICS
942 ## - ADDED ENTRY ELEMENTS (KOHA)
Koha item type BOOK
650 ## - SUBJECT ADDED ENTRY--TOPICAL TERM
Source of heading or term SOCIAL SCIENCES
Form subdivision MACRO ECONOMICS
Holdings
Withdrawn status Lost status Source of classification or shelving scheme Damaged status Not for loan Home library Current library Date acquired Cost, normal purchase price Total Checkouts Full call number Barcode Shelving location Date last seen Price effective from Koha item type
    Dewey Decimal Classification     SB LIBRARY SB LIBRARY 03/09/2022 495.00   339 THO-M 141901 GENERAL STACK 03/09/2022 03/09/2022 BOOK

Powered by Koha